Požadavky na zabezpečení jakosti měřícího zařízení. STN 10 012-1 : Část 1: Metrologický konfirmační systém pro měřící zařízení. Listopad 1993

Na minha lista:
Detalhes bibliográficos
Formato: Livro
Idioma:tcheco
Publicado em: Praha : Federální úřad pro normalizaci a měření, 1993
Assuntos:
Tags: Adicionar Tag
Sem tags, seja o primeiro a adicionar uma tag!

MARC

LEADER 00000nam a22000003a 4500
001 stu129411
005 20150408182310.4
008 061109s1993----xr------------------cze-d
040 |a STU  |b slo 
041 0 |a cze 
044 |a xr 
080 |a 621.3.08 
245 |a Požadavky na zabezpečení jakosti měřícího zařízení. STN 10 012-1 :  |b Část 1: Metrologický konfirmační systém pro měřící zařízení. Listopad 1993 
260 |a Praha :  |b Federální úřad pro normalizaci a měření,  |c 1993 
300 |a 25 s 
650 7 |a meracie zariadenie  |2 stusub 
996 |b MN219 1  |c M*N-219-1  |l MMKN  |s A  |a 24  |w stu129411_0001 
996 |b MN219 2  |c M*N-219-2  |l MMKN  |s A  |a 24  |w stu129411_0002